| 000 -LEADER |
| fixed length control field |
00723nam a2200253Ia 4500 |
| 001 - CONTROL NUMBER |
| control field |
11188 |
| 003 - CONTROL NUMBER IDENTIFIER |
| control field |
GE_BSU |
| 008 - FIXED-LENGTH DATA ELEMENTS--GENERAL INFORMATION |
| fixed length control field |
181216s||||||||xx |||||||||||||| ||und|| |
| 020 ## - INTERNATIONAL STANDARD BOOK NUMBER |
| International Standard Book Number |
5160026185 |
| 040 ## - CATALOGING SOURCE |
| Transcribing agency |
GE_BSU |
| 080 ## - UNIVERSAL DECIMAL CLASSIFICATION NUMBER |
| Universal Decimal Classification number |
352(035.3):005 |
| 100 ## - MAIN ENTRY--PERSONAL NAME |
| Personal name |
ИВАНОВ, В.В. А.Н. КОРОБОВА. |
| 245 ## - TITLE STATEMENT |
| Title |
МУНИЦИПАЛЬНОЕ УПРАВЛЕНИЕ. |
| 245 ## - TITLE STATEMENT |
| Remainder of title |
СПРАВОЧНОЕ ПОСОБИЕ |
| 250 ## - EDITION STATEMENT |
| Edition statement |
2-Е ИЗД; ДОП. |
| 260 ## - PUBLICATION, DISTRIBUTION, ETC. |
| Place of publication, distribution, etc. |
МОСКВА. |
| 260 ## - PUBLICATION, DISTRIBUTION, ETC. |
| Name of publisher, distributor, etc. |
ИНФРА-М. |
| 260 ## - PUBLICATION, DISTRIBUTION, ETC. |
| Date of publication, distribution, etc. |
2013. |
| 300 ## - PHYSICAL DESCRIPTION |
| Extent |
718с;ил;25см. |
| 300 ## - PHYSICAL DESCRIPTION |
| Accompanying material |
фото;библиогр.стр 707-713. |
| 653 ## - INDEX TERM--UNCONTROLLED |
| Uncontrolled term |
МУНИЦИПАЛЬНОЕ УПРАВЛЕНИЕ. |
| 942 ## - ADDED ENTRY ELEMENTS (KOHA) |
| Koha item type |
წიგნი |